| 000 | 00681nam a2200157 i 4500 | ||
|---|---|---|---|
| 001 | 190138 | ||
| 003 | ES-MaACL | ||
| 005 | 20230906223642.0 | ||
| 008 | 200731s1845 sp |||| | spa d | ||
| 110 | 2 |
_aSociedad para Propagar y Mejorar la Educación del Pueblo. _9134919 |
|
| 245 | 1 | 0 |
_aActa de la séptima Junta General de la Sociedad para Propagar y Mejorar la Educación del Pueblo _b: celebrada el día 22 de junio de 1845 : relación de las operaciones y progresos de esta Sociedad. |
| 260 |
_aMadrid : _b[s.n.], _c1845. |
||
| 300 |
_a39 p. ; _c19 cm. |
||
| 610 | 2 | 4 |
_aSociedad para Propagar y Mejorar la Educación del Pueblo- _vActas. _9134920 |
| 852 |
_aES-MaACL _jT-21-F-7 |
||
| 999 |
_c190138 _d190138 |
||